00473nam a2200157Ia 450000500170000000800410001702000180005808200240007610000350010024500800013525000120021526000310022730000160025844000090027465000320028320241030084217.0240126s9999 xx 000 0 und d a9789355321442 a001.6424C PAT;1 R aPatt, Yale N. Patel, Sanjay J. 0aIntroduction to computing systems : from bits and gates to C/C++ and beyond a3rd ed. bMcGraw HillaChennaic2020 axxviii, 772 aNULL aObject -oriented technology